[Event "Muensterland Verbandsliga playoff 5-8"]
[Site "Germany"]
[Date "2023.05.13"]
[Round "2.6"]
[White "Mast, Holger"]
[Black "Kruempelmann, Uwe"]
[Result "0-1"]
[WhiteElo "1765"]
[BlackElo "1725"]
[PlyCount "62"]
[EventDate "2022.03.25"]
[EventType "team-k.o."]
[EventRounds "2"]
[EventCountry "GER"]
[SourceTitle "EXT 2024"]
[Source "ChessBase"]
[SourceDate "2023.10.10"]
[SourceVersion "1"]
[SourceVersionDate "2023.10.10"]
[SourceQuality "1"]
[WhiteTeam "Ahaus Wessum"]
[BlackTeam "Rheine Klein Berlin II"]
[WhiteTeamCountry "GER"]
[BlackTeamCountry "GER"]

1. e4 c5 2. Nf3 Nc6 3. Bc4 e6 4. Nc3 Nf6 5. d3 d6 6. 0-0 Be7 7. h3 0-0 8. Re1 a6 9. a4 Qc7 10. Bf4 Nd4 11. e5 Nd7 12. exd6 Bxd6 13. Bxd6 Qxd6 14. Ne4 Qc7 15. c3 Nf5 16. Bb3 b6 17. d4 Bb7 18. Bc2 Rad8 19. g4 Ne7 20. Neg5 Ng6 21. h4 Qf4 22. Be4 Qxg4+ 23. Kf1 Nf4 24. Ne5 Nxe5 25. Qxg4 Nxg4 26. Bxb7 cxd4 27. Re4 e5 28. f3 Ne3+ 29. Kg1 h6 30. cxd4 Nc2 31. Rc1 Nxd4 0-1

[Event "Muensterland Verbandsliga playoff 5-8"]
[Site "Germany"]
[Date "2023.03.25"]
[Round "1.5"]
[White "Iking, Bernhard"]
[Black "Kruempelmann, Uwe"]
[Result "1/2-1/2"]
[WhiteElo "1769"]
[BlackElo "1725"]
[PlyCount "41"]
[EventDate "2022.03.25"]
[EventType "team-k.o."]
[EventRounds "2"]
[EventCountry "GER"]
[SourceTitle "EXT 2024"]
[Source "ChessBase"]
[SourceDate "2023.10.10"]
[SourceVersion "1"]
[SourceVersionDate "2023.10.10"]
[SourceQuality "1"]
[WhiteTeam "Gescher"]
[BlackTeam "Rheine Klein Berlin II"]
[WhiteTeamCountry "GER"]
[BlackTeamCountry "GER"]

1. d4 d5 2. c4 e6 3. Nc3 Nf6 4. Bg5 Be7 5. e3 0-0 6. Nf3 c6 7. Ne5 Nbd7 8. f4 dxc4 9. Bxc4 Nd5 10. Bxe7 Qxe7 11. Qe2 Nxe5 12. fxe5 Qb4 13. Bxd5 exd5 14. 0-0 Be6 15. Rac1 Rac8 16. a3 Qe7 17. b4 f6 18. exf6 Rxf6 19. Rxf6 Qxf6 20. Rf1 Qg6 21. e4 1/2-1/2

[Event "Muensterland Verbandsliga Gr1 2223"]
[Site "Germany"]
[Date "2022.10.22"]
[Round "2.7"]
[White "Hartmann, Viktor"]
[Black "Kruempelmann, Uwe"]
[Result "1-0"]
[WhiteElo "1640"]
[BlackElo "1780"]
[PlyCount "89"]
[EventDate "2022.09.10"]
[EventType "team-tourn"]
[EventRounds "5"]
[EventCountry "GER"]
[SourceTitle "EXT 2024"]
[Source "ChessBase"]
[SourceDate "2023.10.10"]
[SourceVersion "1"]
[SourceVersionDate "2023.10.10"]
[SourceQuality "1"]
[WhiteTeam "Ibbenbueren"]
[BlackTeam "Rheine Klein Berlin II"]
[WhiteTeamCountry "GER"]
[BlackTeamCountry "GER"]

1. e4 c5 2. Bc4 Nc6 3. a3 Nf6 4. d3 e6 5. Nc3 Be7 6. Nf3 a6 7. e5 Ng4 8. Bf4 d6 9. exd6 Bxd6 10. Bxd6 Qxd6 11. Ne4 Qe7 12. 0-0 b5 13. Ba2 Bb7 14. Re1 0-0 15. h3 Nf6 16. Neg5 Nd4 17. Nxd4 cxd4 18. Nxe6 Rfe8 19. Nxd4 Qd7 20. c3 Rac8 21. Qd2 h6 22. Rxe8+ Rxe8 23. Re1 Rxe1+ 24. Qxe1 Nd5 25. Qe5 Qe7 26. Qxe7 Nxe7 27. f3 Ng6 28. Kf2 Nf4 29. Bb1 g6 30. h4 Kg7 31. g3 Nd5 32. c4 bxc4 33. dxc4 Ne7 34. b4 Kf6 35. a4 Ke5 36. Ke3 f5 37. a5 g5 38. f4+ Kf6 39. hxg5+ hxg5 40. b5 axb5 41. fxg5+ Kxg5 42. cxb5 Nd5+ 43. Kf2 Ne7 44. a6 Bd5 45. b6 1-0

[Event "Muensterland Verbandsklasse 1718"]
[Site "Germany"]
[Date "2018.04.07"]
[Round "8.7"]
[White "Kruempelmann, Uwe"]
[Black "Bahr, Maximilian"]
[Result "1-0"]
[WhiteElo "1777"]
[BlackElo "1679"]
[PlyCount "51"]
[EventDate "2017.09.16"]
[EventType "team-tourn"]
[EventRounds "9"]
[EventCountry "GER"]
[SourceTitle "EXT 2019"]
[Source "ChessBase"]
[SourceDate "2018.10.10"]
[SourceVersion "1"]
[SourceVersionDate "2018.10.10"]
[SourceQuality "1"]
[WhiteTeam "Rheine Klein Berlin II"]
[BlackTeam "Emsdetten Rochade III"]
[WhiteTeamCountry "GER"]
[BlackTeamCountry "GER"]

1. d4 d5 2. c4 e6 3. Nc3 c5 4. Nf3 Nc6 5. e3 Nf6 6. a3 Bd6 7. dxc5 Bxc5 8. b4 Bb6 9. Be2 0-0 10. 0-0 d4 11. exd4 Nxd4 12. Bf4 Nxe2+ 13. Qxe2 Nh5 14. Be5 Qe7 15. Nb5 Re8 16. c5 Bd8 17. Nd6 f6 18. Nxe8 Qxe8 19. Bd6 e5 20. Rad1 Nf4 21. Qe4 Bd7 22. Rfe1 Qh5 23. Bxe5 fxe5 24. Rxd7 Qg4 25. Nxe5 Bh4 26. Qc4+ 1-0

[Event "Steinfurt Bezirksliga 0506"]
[Site "Germany"]
[Date "2005.11.19"]
[Round "3.7"]
[White "Kruempelmann, Uwe"]
[Black "Rogowski, Friedrich"]
[Result "0-1"]
[WhiteElo "1783"]
[BlackElo "1684"]
[PlyCount "94"]
[EventDate "2005.09.24"]
[EventType "team-tourn"]
[EventRounds "9"]
[EventCountry "GER"]
[SourceTitle "EXT 2006"]
[Source "ChessBase"]
[SourceDate "2005.11.24"]
[SourceVersion "1"]
[SourceVersionDate "2005.11.24"]
[SourceQuality "1"]
[WhiteTeam "Emsdetten Rochade II"]
[BlackTeam "Falke Saerbeck II"]
[WhiteTeamCountry "GER"]
[BlackTeamCountry "GER"]

1. d4 e6 2. c4 Nf6 3. Nc3 Bb4 4. Bd2 0-0 5. Nf3 c5 6. e3 cxd4 7. exd4 d5 8. Be2 Nc6 9. a3 Be7 10. Be3 Ng4 11. 0-0 b6 12. cxd5 exd5 13. Rc1 Be6 14. Qa4 Nxe3 15. fxe3 Na5 16. Ne5 f6 17. b4 fxe5 18. bxa5 Bg5 19. Rxf8+ Qxf8 20. Rf1 Bxe3+ 21. Kh1 Qc8 22. Nb5 Qc6 23. dxe5 a6 24. Qb3 d4 25. Qb4 axb5 26. axb6 Bd5 27. Bf3 Bxf3 28. gxf3 Qxb6 29. Qe7 d3 30. e6 Bc5 31. Qf7+ Kh8 32. e7 Bxe7 33. Qxe7 Qd8 34. Qb4 Qa5 35. Qb2 Qxa3 36. Qd4 Qf8 37. Qxd3 b4 38. Rb1 Ra3 39. Rb3 Rxb3 40. Qxb3 h6 41. Kg2 Qf4 42. Qc2 Qf7 43. Qc8+ Kh7 44. Qb8 b3 45. f4 Qg6+ 46. Kh3 Qc2 47. Qc8 Qxc8+ 0-1

[Event "Steinfurt Bezirksliga 0203"]
[Site "Germany"]
[Date "2002.10.05"]
[Round "2.3"]
[White "Kruempelmann, Uwe"]
[Black "Braemik, Simon"]
[Result "1-0"]
[WhiteElo "1751"]
[BlackElo "1322"]
[PlyCount "103"]
[EventDate "2002.09.14"]
[EventType "team-tourn"]
[EventRounds "9"]
[EventCountry "GER"]
[SourceTitle "EXT 2004"]
[Source "ChessBase"]
[SourceDate "2003.11.25"]
[SourceVersion "1"]
[SourceVersionDate "2003.11.25"]
[SourceQuality "1"]
[WhiteTeam "Emsdetten Rochade II"]
[BlackTeam "Rheine SG"]
[WhiteTeamCountry "GER"]
[BlackTeamCountry "GER"]

1. Nf3 d5 2. d4 e6 3. c4 Nf6 4. Bg5 Be7 5. e3 Nbd7 6. Nc3 0-0 7. Bd3 c5 8. 0-0 b6 9. cxd5 exd5 10. dxc5 Nxc5 11. Bc2 Bb7 12. Rc1 Nce4 13. Qd3 Nxg5 14. Nxg5 g6 15. Rfd1 Rc8 16. Bb3 a6 17. Nh3 Qd7 18. Nxd5 Kg7 19. Rxc8 Rxc8 20. Nxb6 Qxd3 21. Rxd3 Rc1+ 22. Rd1 Rxd1+ 23. Bxd1 Bc5 24. Na4 Bd6 25. Bb3 h6 26. f3 Bb8 27. e4 Nd7 28. Kf2 Ba7+ 29. Ke2 g5 30. Nf2 Ne5 31. Nd3 f6 32. Nac5 Bc8 33. Nxe5 Bxc5 34. Nc6 Bd7 35. Bd5 Bd6 36. h3 Bf4 37. b3 f5 38. exf5 Bxf5 39. Nd4 Bc8 40. Ne6+ Bxe6 41. Bxe6 a5 42. Kd3 Kf6 43. Bd5 Ke5 44. Kc4 Bc1 45. Be4 Kf4 46. g4 Kg3 47. b4 axb4 48. Kxb4 Kxh3 49. a4 Kh4 50. a5 h5 51. gxh5 Kxh5 52. Bf5 1-0